| 000 | 00333nam a2200133Ia 4500 | ||
|---|---|---|---|
| 008 | 191201s2000 xx 000 0 und d | ||
| 082 |
_a677.02832 _bKOT |
||
| 100 | _aKOTHARI, V K | ||
| 245 | 0 | _aTextile Fibers Developments and Innovations | |
| 260 |
_aN.Delhi _bIAFL _c2000 |
||
| 300 | _a795 | ||
| 650 | _aB.Tech(TE) | ||
| 942 |
_2ddc _cBK |
||
| 999 |
_c3418 _d3418 |
||